Problemario de cálculo multivariable

Furkejuvvon:
Bibliográfalaš dieđut
Váldodahkkit: Velasco Sotomayor, Gabriel (Dahkki), López Saura, Irma (Dahkki), Wisniewski, Piotr M (Dahkki)
Materiálatiipa: Girji
Giella:espánnjágiella
Almmustuhtton: Ciudad de México International Thompson 2003
Fáttát:
Fáddágilkorat: Lasit fáddágilkoriid
Eai fáddágilkorat, Lasit vuosttaš fáddágilkora!

MARC

LEADER 00000nam a2200000 a 4500
001 UCL7257
003 CL-VaPUC
008 040514e20030000MX |||||||||||||||||spa|d
020 |a 9706862536 
082 0 4 |a 515  |b VEL  |2 21 
100 0 |a Velasco Sotomayor, Gabriel  |e author  |9 485127 
700 0 |a López Saura, Irma  |e author  |9 485128 
700 0 |a Wisniewski, Piotr M  |e author  |9 485129 
245 1 0 |a Problemario de cálculo multivariable 
300 |a 195 p 
942 |c BK 
945 |d 20040514 00:00:00  |a cmena 
260 |a Ciudad de México  |b International Thompson  |c 2003 
650 0 |a Funciones de varias variables  |9 326516 
650 0 |a Problemas, ejercicios, etc  |9 259377 
650 0 |a Derivadas parciales   |9 419748 
583 |a last modification  |c 20040514 00:00:00  |k Rodrigo Vera 
999 |c 309105  |d 309103 
952 |0 0  |1 0  |4 0  |6 515_000000000000000_VEL_2003  |7 0  |8 A  |9 376395  |a BIBCUR  |b BIBCUR  |d 2019-11-21  |i 4013387  |l 4  |m 2  |o 515 VEL 2003  |p 4013387  |r 2025-04-22  |s 2025-03-14  |w 2019-11-21  |y BK  |k FIS 
952 |0 0  |1 0  |4 0  |6 515_000000000000000_VEL_2003  |7 0  |8 A  |9 376396  |a BIBMAT  |b BIBMAT  |d 2019-11-21  |i 4085701  |o 515 VEL 2003  |p 4085701  |r 2025-01-07  |w 2019-11-21  |y BK  |k MAT 
952 |0 0  |1 0  |4 0  |6 515_000000000000000_VEL_2003  |7 0  |8 A  |9 376397  |a BIBMAT  |b BIBMAT  |d 2019-11-21  |i 4089332  |o 515 VEL 2003  |p 4089332  |r 2025-01-07  |w 2019-11-21  |y BK  |k MAT 
952 |0 0  |1 0  |4 0  |6 515_000000000000000_VEL_2003  |7 0  |8 A  |9 376398  |a BIBMAT  |b BIBMAT  |d 2019-11-21  |i 4089340  |o 515 VEL 2003  |p 4089340  |r 2025-01-07  |w 2019-11-21  |y BK  |k MAT